[Event "Wch Blitz"]
[Site "St Petersburg"]
[Date "2018.12.30"]
[Round "20"]
[White "Kamsky, Gata"]
[Black "Fedoseev, Vladimir1"]
[Result "0-1"]
[WhiteElo "2666"]
[BlackElo "2719"]
[PlyCount "104"]
[EventDate "2018.12.29"]
[EventType "swiss (blitz)"]
[EventRounds "21"]
[EventCountry "RUS"]
[SourceTitle "CBM 187 Extra"]
[Source "ChessBase"]
[SourceDate "2018.11.04"]
[SourceVersion "1"]
[SourceVersionDate "2018.11.04"]
[SourceQuality "1"]

1. e4 c5 2. Nf3 d6 3. d4 cxd4 4. Nxd4 Nf6 5. Nc3 a6 6. a4 e6 7. a5 Be7 8. Be2
O-O 9. O-O Bd7 10. Be3 Nc6 11. Nb3 Rc8 12. f3 Ne5 13. Bb6 Qe8 14. Kh1 Bc6 15.
Bd4 Ned7 16. Qd2 Qd8 17. Na4 e5 18. Bb6 Qe8 19. Bf2 d5 20. exd5 Nxd5 21. Rfe1
Rd8 22. Bf1 Kh8 23. Nac5 Nxc5 24. Nxc5 Nf4 25. Qc3 f6 26. Nd3 Nd5 27. Qb3 Qh5
28. Rad1 Rfe8 29. c4 Nc7 30. Bb6 Rc8 31. f4 Ne6 32. fxe5 f5 33. Nb4 Bxb4 34.
Qxb4 f4 35. Bf2 Ng5 36. Qc3 Nf3 37. gxf3 Bxf3+ 38. Bg2 Bxd1 39. Bxb7 Rb8 40.
Bg2 Be2 41. b4 f3 42. Bf1 Rbd8 43. Bxe2 fxe2 44. b5 axb5 45. cxb5 Rxe5 46. a6
Rxb5 47. a7 Qd5+ 48. Kg1 Qe4 49. Qc7 Rg5+ 50. Bg3 Rgd5 51. Qb7 Qd4+ 52. Bf2
Rg5+ 0-1

[Event "Wch Blitz"]
[Site "St Petersburg"]
[Date "2018.12.30"]
[Round "21"]
[White "Anand, Viswanathan"]
[Black "Kamsky, Gata"]
[Result "0-1"]
[WhiteElo "2773"]
[BlackElo "2666"]
[PlyCount "54"]
[EventDate "2018.12.29"]
[EventType "swiss (blitz)"]
[EventRounds "21"]
[EventCountry "RUS"]
[SourceTitle "CBM 187 Extra"]
[Source "ChessBase"]
[SourceDate "2018.11.04"]
[SourceVersion "1"]
[SourceVersionDate "2018.11.04"]
[SourceQuality "1"]

1. e4 b6 2. d4 Bb7 3. Nc3 e6 4. Nf3 g6 5. Bd3 Bg7 6. O-O d6 7. a4 a6 8. d5 e5
9. Be3 Ne7 10. Ne2 a5 11. Bb5+ Nd7 12. Nd2 O-O 13. f3 f5 14. Kh1 Nf6 15. c3
fxe4 16. fxe4 Ng4 17. Bg1 Bh6 18. Nc4 Nf6 19. Qd3 Qc8 20. b4 Qg4 21. Ng3 Bf4
22. Rfe1 Qh4 23. Nf1 Ng4 24. bxa5 bxa5 25. Qh3 Qxh3 26. gxh3 Nf6 27. Nfd2 Nexd5
0-1

[Event "Karlsruhe Grenke op"]
[Site "Karlsruhe"]
[Date "2019.04.18"]
[Round "1"]
[White "Gustain, Marc"]
[Black "Kamsky, Gata"]
[Result "0-1"]
[WhiteElo "2147"]
[BlackElo "2676"]
[PlyCount "118"]
[EventDate "2019.04.18"]
[EventType "swiss"]
[EventRounds "9"]
[EventCountry "GER"]
[SourceTitle "CBM 189 Extra"]
[Source "ChessBase"]
[SourceDate "2019.06.03"]
[SourceVersion "1"]
[SourceVersionDate "2019.06.03"]
[SourceQuality "1"]

1. e4 c5 2. Nc3 e6 3. Nf3 a6 4. d4 cxd4 5. Nxd4 b5 6. Bd3 Qb6 7. Nb3 Qc7 8. Qf3
Nc6 9. Qg3 Qxg3 10. hxg3 Nf6 11. f3 h6 12. Be3 d6 13. a4 b4 14. Ne2 Ne5 15. a5
d5 16. Bd4 dxe4 17. Bxe4 Nxe4 18. Bxe5 Nd6 19. Bd4 Bd7 20. Bc5 Nf5 21. Bxf8
Rxf8 22. Nbd4 Nxd4 23. Nxd4 Ke7 24. Rh4 Rfc8 25. Kd2 Rab8 26. Re4 Rc5 27. Re3
Rbc8 28. c3 Rd5 29. Rd3 bxc3+ 30. bxc3 Rcc5 31. Nb3 Rxd3+ 32. Kxd3 Bb5+ 33. Kc2
Rg5 34. Nd4 Bd7 35. Ne2 Rc5 36. Nd4 e5 37. Nb3 Rc7 38. g4 f5 39. gxf5 Bxf5+ 40.
Kb2 h5 41. Ra4 Kf6 42. Rb4 Kg5 43. Rb6 Bd3 44. Nd2 Kf4 45. c4 Kg3 46. Rxa6 Kxg2
47. Re6 h4 48. Rxe5 g6 49. Rg5+ Kf2 50. Rg4 Rh7 51. a6 h3 52. a7 Rxa7 53. Rh4
Bf5 54. Kc3 Kg2 55. f4 h2 56. Nf1 h1=Q 57. Rxh1 Kxh1 58. Ng3+ Kg2 59. Nxf5 gxf5
0-1

[Event "Karlsruhe Grenke op"]
[Site "Karlsruhe"]
[Date "2019.04.19"]
[Round "2"]
[White "Kamsky, Gata"]
[Black "Valkama, Eero"]
[Result "1-0"]
[WhiteElo "2676"]
[BlackElo "2287"]
[PlyCount "105"]
[EventDate "2019.04.18"]
[EventType "swiss"]
[EventRounds "9"]
[EventCountry "GER"]
[SourceTitle "CBM 189 Extra"]
[Source "ChessBase"]
[SourceDate "2019.06.03"]
[SourceVersion "1"]
[SourceVersionDate "2019.06.03"]
[SourceQuality "1"]

1. e4 e5 2. Nf3 Nc6 3. Bb5 a6 4. Ba4 Nf6 5. O-O Be7 6. Re1 b5 7. Bb3 d6 8. c3
O-O 9. d4 Bg4 10. d5 Na5 11. Bc2 c6 12. h3 Bc8 13. dxc6 Qc7 14. Nbd2 Qxc6 15.
Nf1 Be6 16. Ng3 Rfe8 17. a4 Qc7 18. Nh4 b4 19. cxb4 Nc6 20. Nhf5 Nxb4 21. Nxe7+
Rxe7 22. Bb1 Rd7 23. Bg5 Ne8 24. Ra3 Qb7 25. Nf5 f6 26. Bd2 Rad8 27. a5 Nc6 28.
Be3 Qxb2 29. Qc1 Qb7 30. Bb6 Rc8 31. Rc3 Ne7 32. Ba2 Kf7 33. Nxe7 Rxc3 34. Qxc3
Bxa2 35. Nc6 Qa8 36. Nb4 Be6 37. Qd3 Nc7 38. Rc1 Nb5 39. Rc6 Qb7 40. Be3 Nd4
41. Rb6 Qc8 42. Qxa6 Qc3 43. Qf1 Ra7 44. Qd1 g6 45. Bxd4 exd4 46. Nc6 Rd7 47.
Qxd4 Qc1+ 48. Kh2 Qf4+ 49. g3 Qh6 50. h4 Qc1 51. a6 Bg4 52. Qe3 Qa1 53. a7 1-0

[Event "Karlsruhe Grenke op"]
[Site "Karlsruhe"]
[Date "2019.04.19"]
[Round "3"]
[White "Schmidek, Emil"]
[Black "Kamsky, Gata"]
[Result "1/2-1/2"]
[WhiteElo "2393"]
[BlackElo "2676"]
[PlyCount "73"]
[EventDate "2019.04.18"]
[EventType "swiss"]
[EventRounds "9"]
[EventCountry "GER"]
[SourceTitle "CBM 189 Extra"]
[Source "ChessBase"]
[SourceDate "2019.06.03"]
[SourceVersion "1"]
[SourceVersionDate "2019.06.03"]
[SourceQuality "1"]

1. e4 c5 2. Nf3 e6 3. d4 cxd4 4. Nxd4 a6 5. Nc3 b5 6. Bd3 Bb7 7. O-O Nc6 8.
Nxc6 Bxc6 9. e5 f5 10. exf6 Nxf6 11. Qe2 Be7 12. Bf4 O-O 13. Be5 Qb6 14. Rad1
Qb7 15. f3 Rf7 16. Ne4 Nd5 17. Qf2 Qa7 18. Qxa7 Rxa7 19. Rfe1 Nb4 20. Bd6 Nxd3
21. Rxd3 Bd8 22. Bc5 Ra8 23. Nd6 Rf4 24. Be3 Ra4 25. a3 a5 26. Red1 b4 27. Nc4
bxa3 28. b3 Rb4 29. Nxa3 d5 30. Bc5 Rbb8 31. Re1 Kf7 32. f4 Rb7 33. Nb1 Rc8 34.
Bd4 Bd7 35. Nc3 Rb4 36. Be5 a4 37. bxa4 1/2-1/2

[Event "Karlsruhe Grenke op"]
[Site "Karlsruhe"]
[Date "2019.04.20"]
[Round "4"]
[White "Kamsky, Gata"]
[Black "Petkidis, Anthony"]
[Result "1/2-1/2"]
[WhiteElo "2676"]
[BlackElo "2338"]
[PlyCount "45"]
[EventDate "2019.04.18"]
[EventType "swiss"]
[EventRounds "9"]
[EventCountry "GER"]
[SourceTitle "CBM 189 Extra"]
[Source "ChessBase"]
[SourceDate "2019.06.03"]
[SourceVersion "1"]
[SourceVersionDate "2019.06.03"]
[SourceQuality "1"]

1. e4 c5 2. Nf3 Nc6 3. d4 cxd4 4. Nxd4 Nf6 5. Nc3 d6 6. Bc4 e6 7. O-O Be7 8.
Be3 O-O 9. Bb3 Bd7 10. f4 Nxd4 11. Bxd4 Bc6 12. f5 e5 13. Be3 Nxe4 14. Nxe4
Bxe4 15. Qg4 d5 16. c4 Bd3 17. Rfd1 e4 18. cxd5 Bf6 19. Rd2 Rc8 20. Rad1 Re8
21. Qf4 Be5 22. Qf2 Qd6 23. g4 1/2-1/2

[Event "Karlsruhe Grenke op"]
[Site "Karlsruhe"]
[Date "2019.04.20"]
[Round "5"]
[White "Parkhov, Yair"]
[Black "Kamsky, Gata"]
[Result "1/2-1/2"]
[WhiteElo "2352"]
[BlackElo "2676"]
[PlyCount "60"]
[EventDate "2019.04.18"]
[EventType "swiss"]
[EventRounds "9"]
[EventCountry "GER"]
[SourceTitle "CBM 189 Extra"]
[Source "ChessBase"]
[SourceDate "2019.06.03"]
[SourceVersion "1"]
[SourceVersionDate "2019.06.03"]
[SourceQuality "1"]

1. d4 Nf6 2. c4 e6 3. g3 d5 4. Nf3 Bb4+ 5. Bd2 Be7 6. Bg2 O-O 7. O-O c6 8. Qb3
Nbd7 9. Bf4 a5 10. a3 Nh5 11. Be3 Bd6 12. Nc3 Nhf6 13. Rfd1 Qe7 14. Bg5 h6 15.
Bxf6 Nxf6 16. Nd2 Rd8 17. e4 dxe4 18. Ndxe4 Nxe4 19. Nxe4 Bc7 20. f4 Rb8 21.
Kh1 Bd7 22. Rd2 Be8 23. Qe3 Bb6 24. Re1 Kh8 25. Nc3 Qf6 26. Red1 Rd7 27. Ne4
Qe7 28. Qb3 Bc7 29. Qe3 Bb6 30. Qb3 Bc7 1/2-1/2

[Event "Karlsruhe Grenke op"]
[Site "Karlsruhe"]
[Date "2019.04.21"]
[Round "6"]
[White "Kamsky, Gata"]
[Black "Abel, Thomas"]
[Result "1-0"]
[WhiteElo "2676"]
[BlackElo "2336"]
[PlyCount "54"]
[EventDate "2019.04.18"]
[EventType "swiss"]
[EventRounds "9"]
[EventCountry "GER"]
[SourceTitle "CBM 189 Extra"]
[Source "ChessBase"]
[SourceDate "2019.06.03"]
[SourceVersion "1"]
[SourceVersionDate "2019.06.03"]
[SourceQuality "1"]

1. d4 d5 2. Nf3 Nf6 3. Bf4 Bf5 4. e3 e6 5. c4 Bxb1 6. Qa4+ Nc6 7. Rxb1 Bb4+ 8.
Ke2 Bd6 9. g3 O-O 10. Bg2 Qd7 11. cxd5 Nxd5 12. Rhd1 e5 13. dxe5 Nxe5 14. Qxd7
Nxf4+ 15. gxf4 Nxd7 16. Nd4 Nc5 17. Nb5 Rad8 18. Nxd6 cxd6 19. b4 Na4 20. Rbc1
b6 21. Bc6 b5 22. Bxb5 Nb6 23. a4 Rc8 24. Bc6 Rfd8 25. a5 Na8 26. b5 Nc7 27.
Bb7 Ra8 1-0

[Event "Karlsruhe Grenke op"]
[Site "Karlsruhe"]
[Date "2019.04.21"]
[Round "7"]
[White "Mendonca, Leon Luke"]
[Black "Kamsky, Gata"]
[Result "1/2-1/2"]
[WhiteElo "2427"]
[BlackElo "2676"]
[PlyCount "50"]
[EventDate "2019.04.18"]
[EventType "swiss"]
[EventRounds "9"]
[EventCountry "GER"]
[SourceTitle "CBM 189 Extra"]
[Source "ChessBase"]
[SourceDate "2019.06.03"]
[SourceVersion "1"]
[SourceVersionDate "2019.06.03"]
[SourceQuality "1"]

1. d4 Nf6 2. c4 g6 3. Nc3 d5 4. cxd5 Nxd5 5. e4 Nxc3 6. bxc3 Bg7 7. Bg5 c5 8.
Rc1 Qa5 9. Qd2 Nd7 10. Nf3 Nb6 11. h3 Bd7 12. d5 c4 13. Nd4 h6 14. Bh4 f5 15.
exf5 Qxd5 16. Be2 Bxf5 17. Nxf5 Qxf5 18. Bf3 Qd3 19. Bxb7 Rd8 20. Qxd3 cxd3 21.
Kd1 Kf7 22. Bg3 Na4 23. Kd2 Nc5 24. Rb1 Bf6 25. Bf4 a6 1/2-1/2

[Event "Karlsruhe Grenke op"]
[Site "Karlsruhe"]
[Date "2019.04.22"]
[Round "8"]
[White "Kamsky, Gata"]
[Black "Chylewski, Patryk"]
[Result "1/2-1/2"]
[WhiteElo "2676"]
[BlackElo "2351"]
[PlyCount "88"]
[EventDate "2019.04.18"]
[EventType "swiss"]
[EventRounds "9"]
[EventCountry "GER"]
[SourceTitle "CBM 189 Extra"]
[Source "ChessBase"]
[SourceDate "2019.06.03"]
[SourceVersion "1"]
[SourceVersionDate "2019.06.03"]
[SourceQuality "1"]

1. d4 d5 2. Bf4 Nf6 3. e3 e6 4. Nf3 c5 5. Nbd2 Nc6 6. c3 cxd4 7. cxd4 Qb6 8.
Rb1 Nh5 9. Be5 Nxe5 10. Nxe5 Nf6 11. Qa4+ Bd7 12. Nxd7 Nxd7 13. Bb5 Qd8 14. O-O
a6 15. Bxd7+ Qxd7 16. Qb3 Bd6 17. Rfc1 Rc8 18. Rc3 Rxc3 19. Qxc3 Qc7 20. g3 b5
21. Qd3 O-O 22. Nb3 Qc4 23. Qd1 Qa4 24. Qc2 g6 25. Rc1 b4 26. Kg2 Kg7 27. Qb1
Qb5 28. Nc5 Rb8 29. b3 Bxc5 30. Rxc5 Qe2 31. Qc2 Qxc2 32. Rxc2 Rb5 33. h4 Kf6
34. Kf3 h6 35. e4 Ra5 36. e5+ Ke7 37. Kg4 Ra3 38. f4 f5+ 39. exf6+ Kxf6 40. h5
a5 41. hxg6 Kxg6 42. Re2 Kf6 43. Rh2 Kg6 44. Re2 Kf6 1/2-1/2

[Event "Karlsruhe Grenke op"]
[Site "Karlsruhe"]
[Date "2019.04.22"]
[Round "9"]
[White "Haast, Mark"]
[Black "Kamsky, Gata"]
[Result "0-1"]
[WhiteElo "2381"]
[BlackElo "2676"]
[PlyCount "66"]
[EventDate "2019.04.18"]
[EventType "swiss"]
[EventRounds "9"]
[EventCountry "GER"]
[SourceTitle "CBM 189 Extra"]
[Source "ChessBase"]
[SourceDate "2019.06.03"]
[SourceVersion "1"]
[SourceVersionDate "2019.06.03"]
[SourceQuality "1"]

1. c4 e5 2. g3 Nc6 3. Bg2 Bc5 4. Nc3 a6 5. Nf3 d6 6. d3 h6 7. O-O Nge7 8. a3
O-O 9. b4 Ba7 10. Bb2 f5 11. Nd5 Nxd5 12. cxd5 Ne7 13. Nd2 Bd7 14. Rc1 Kh8 15.
Nc4 Rc8 16. Na5 b5 17. Nc6 Bxc6 18. dxc6 f4 19. gxf4 Rxf4 20. e3 Rh4 21. Qf3
Qg8 22. Qe2 Nf5 23. Be4 Rf8 24. Bxf5 Rxf5 25. f3 Qf7 26. Rf2 Rh3 27. Kg2 Qh5
28. Rh1 Rg5+ 29. Kf1 Rgg3 30. d4 Rxf3 31. Rxf3 Rxf3+ 32. Ke1 Qh4+ 33. Kd1 Rf2
0-1

[Event "RUS-chT"]
[Site "Sochi"]
[Date "2019.05.01"]
[Round "1.2"]
[White "Khanin, Semen"]
[Black "Kamsky, Gata"]
[Result "1/2-1/2"]
[WhiteElo "2524"]
[BlackElo "2664"]
[PlyCount "89"]
[EventDate "2019.05.01"]
[EventType "team-tourn"]
[EventRounds "9"]
[EventCountry "RUS"]
[SourceTitle "CBM 190 Extra"]
[Source "ChessBase"]
[SourceDate "2019.07.15"]
[SourceVersion "1"]
[SourceVersionDate "2019.07.15"]
[SourceQuality "1"]
[WhiteTeam "Novosibirsk Siberia"]
[BlackTeam "Tatarstan Rook"]
[WhiteTeamCountry "RUS"]
[BlackTeamCountry "RUS"]

1. e4 e5 2. Nf3 Nc6 3. Bc4 Nf6 4. d3 h6 5. O-O d6 6. c3 Be7 7. Re1 O-O 8. a4
Nh7 9. a5 a6 10. Nbd2 Ng5 11. Nf1 Nxf3+ 12. Qxf3 Bg5 13. Bxg5 Qxg5 14. Ne3 Be6
15. Nd5 Rac8 16. b4 Kh8 17. Qg3 g6 18. f3 Qxg3 19. hxg3 h5 20. f4 Kg7 21. b5
axb5 22. Bxb5 Nd8 23. a6 bxa6 24. Bxa6 Rb8 25. Nxc7 Rb2 26. fxe5 dxe5 27. d4
exd4 28. cxd4 Bg4 29. d5 f6 30. Rab1 Rd2 31. Rf1 Rd4 32. Rfe1 Rd2 33. Bf1 Rh8
34. Rb6 Nf7 35. Bb5 Ne5 36. Rf1 Rc8 37. Rb7 f5 38. d6 Kh6 39. exf5 Bxf5 40. Re1
Nf7 41. Ne8 Nxd6 42. Nxd6 Rxd6 43. Rbe7 Rc2 44. R7e2 Rc5 45. Re5 1/2-1/2

[Event "RUS-chT"]
[Site "Sochi"]
[Date "2019.05.02"]
[Round "2.2"]
[White "Kamsky, Gata"]
[Black "Alekseev, Evgeny V"]
[Result "1/2-1/2"]
[WhiteElo "2664"]
[BlackElo "2647"]
[PlyCount "51"]
[EventDate "2019.05.01"]
[EventType "team-tourn"]
[EventRounds "9"]
[EventCountry "RUS"]
[SourceTitle "CBM 190 Extra"]
[Source "ChessBase"]
[SourceDate "2019.07.15"]
[SourceVersion "1"]
[SourceVersionDate "2019.07.15"]
[SourceQuality "1"]
[WhiteTeam "Tatarstan Rook"]
[BlackTeam "St Petersburg Strazhi"]
[WhiteTeamCountry "RUS"]
[BlackTeamCountry "RUS"]

1. e4 c5 2. Nc3 e6 3. Nf3 a6 4. g3 d6 5. Bg2 Nc6 6. O-O Nf6 7. d3 Be7 8. Ng5
O-O 9. f4 Qc7 10. f5 Bd7 11. g4 h6 12. Nh3 Ne5 13. g5 hxg5 14. Bxg5 Qd8 15. Qe1
Re8 16. Qg3 b5 17. Rae1 Nh7 18. Bxe7 Qxe7 19. Nd1 Kh8 20. Ne3 g6 21. fxe6 Bxe6
22. Nf4 Qg5 23. Qf2 Qh6 24. Qg3 Qg5 25. Qf2 Qh6 26. Qg3 1/2-1/2

[Event "RUS-chT"]
[Site "Sochi"]
[Date "2019.05.03"]
[Round "3.2"]
[White "Lysyj, Igor"]
[Black "Kamsky, Gata"]
[Result "0-1"]
[WhiteElo "2642"]
[BlackElo "2664"]
[PlyCount "64"]
[EventDate "2019.05.01"]
[EventType "team-tourn"]
[EventRounds "9"]
[EventCountry "RUS"]
[SourceTitle "CBM 190 Extra"]
[Source "ChessBase"]
[SourceDate "2019.07.15"]
[SourceVersion "1"]
[SourceVersionDate "2019.07.15"]
[SourceQuality "1"]
[WhiteTeam "Sverdlovskaya Sima Land"]
[BlackTeam "Tatarstan Rook"]
[WhiteTeamCountry "RUS"]
[BlackTeamCountry "RUS"]

1. d4 Nf6 2. c4 e6 3. Nc3 Bb4 4. Qc2 c5 5. dxc5 Qc7 6. a3 Bxc5 7. b4 Be7 8. Nb5
Qc6 9. Nf3 d6 10. e4 Bd7 11. e5 dxe5 12. Nxe5 Qc8 13. Nxd7 Nbxd7 14. Bf4 e5 15.
Be3 a5 16. Rb1 axb4 17. axb4 Qc6 18. f3 Nd5 19. Bd2 Nf4 20. Qb3 O-O 21. g3 Ne6
22. Be2 e4 23. O-O Rfd8 24. Bc3 Nf6 25. Rbe1 Rac8 26. f4 h5 27. c5 Nd5 28. Bb2
Nxb4 29. f5 Bxc5+ 30. Kh1 Ng5 31. h4 Rd3 32. Qc4 Rxg3 0-1

[Event "RUS-chT"]
[Site "Sochi"]
[Date "2019.05.05"]
[Round "5.2"]
[White "Paravyan, David"]
[Black "Kamsky, Gata"]
[Result "0-1"]
[WhiteElo "2610"]
[BlackElo "2664"]
[PlyCount "88"]
[EventDate "2019.05.01"]
[EventType "team-tourn"]
[EventRounds "9"]
[EventCountry "RUS"]
[SourceTitle "CBM 190 Extra"]
[Source "ChessBase"]
[SourceDate "2019.07.15"]
[SourceVersion "1"]
[SourceVersionDate "2019.07.15"]
[SourceQuality "1"]
[WhiteTeam "Tyumen Molodezhka"]
[BlackTeam "Tatarstan Rook"]
[WhiteTeamCountry "RUS"]
[BlackTeamCountry "RUS"]

1. e4 e5 2. Nf3 Nc6 3. Bc4 Bc5 4. d3 Nf6 5. a4 a5 6. Bg5 h6 7. Bh4 d6 8. c3 g5
9. Bg3 Nh5 10. Nxe5 Nxg3 11. Bxf7+ Kf8 12. Ng6+ Kxf7 13. Nxh8+ Qxh8 14. hxg3
Qf6 15. d4 Ba7 16. Na3 Kg7 17. Qd2 Bd7 18. O-O Re8 19. Rae1 h5 20. Nc4 g4 21.
Ne3 Rxe4 22. Nd5 Qf5 23. Rxe4 Qxe4 24. Qg5+ Qg6 25. Qh4 Qf5 26. Nf4 Be8 27. d5
Ne5 28. Ne6+ Kg6 29. Qd8 Qf7 30. Nxc7 Bxa4 31. Ne6 Bb5 32. Nf4+ Kh7 33. Ra1 Nd3
34. Ne6 Bxf2+ 35. Kh2 Kh6 36. Qg5+ Kh7 37. Qd8 Kh6 38. Rf1 Be8 39. Qg5+ Kh7 40.
Nf4 Be3 41. Qd8 Nxf4 42. gxf4 Bb5 43. Re1 Bxf4+ 44. Kg1 Be5 0-1

[Event "RUS-chT"]
[Site "Sochi"]
[Date "2019.05.08"]
[Round "7.2"]
[White "Dreev, Alexey"]
[Black "Kamsky, Gata"]
[Result "1/2-1/2"]
[WhiteElo "2662"]
[BlackElo "2664"]
[PlyCount "80"]
[EventDate "2019.05.01"]
[EventType "team-tourn"]
[EventRounds "9"]
[EventCountry "RUS"]
[SourceTitle "CBM 190 Extra"]
[Source "ChessBase"]
[SourceDate "2019.07.15"]
[SourceVersion "1"]
[SourceVersionDate "2019.07.15"]
[SourceQuality "1"]
[WhiteTeam "Moscow Legacy Square"]
[BlackTeam "Tatarstan Rook"]
[WhiteTeamCountry "RUS"]
[BlackTeamCountry "RUS"]

1. d4 Nf6 2. Nf3 g6 3. g3 d5 4. Bg2 Bg7 5. O-O O-O 6. c4 c6 7. Qb3 Qb6 8. Nc3
Rd8 9. Rd1 Bf5 10. Ne1 dxc4 11. Qxc4 Na6 12. e4 Be6 13. Qa4 Ne8 14. Nf3 Bg4 15.
e5 Qb4 16. Qxb4 Nxb4 17. Be3 f6 18. h3 Bxf3 19. Bxf3 Nc2 20. Rac1 Nxe3 21. fxe3
fxe5 22. d5 c5 23. Ne4 Bh6 24. Kf2 b6 25. b4 cxb4 26. d6 exd6 27. Nxd6 Nxd6 28.
Bxa8 Rf8+ 29. Ke2 Nb5 30. Bd5+ Kh8 31. Rd3 Nc3+ 32. Rdxc3 bxc3 33. Rxc3 Rd8 34.
Be6 e4 35. Rc8 Rxc8 36. Bxc8 Bf8 37. Bb7 Kg7 38. Bxe4 Kf6 39. Bd3 Bd6 40. g4 h5
1/2-1/2

[Event "RUS-chT"]
[Site "Sochi"]
[Date "2019.05.09"]
[Round "8.2"]
[White "Kamsky, Gata"]
[Black "Nozdrachev, Vladislav"]
[Result "1-0"]
[WhiteElo "2664"]
[BlackElo "2489"]
[PlyCount "65"]
[EventDate "2019.05.01"]
[EventType "team-tourn"]
[EventRounds "9"]
[EventCountry "RUS"]
[SourceTitle "CBM 190 Extra"]
[Source "ChessBase"]
[SourceDate "2019.07.15"]
[SourceVersion "1"]
[SourceVersionDate "2019.07.15"]
[SourceQuality "1"]
[WhiteTeam "Tatarstan Rook"]
[BlackTeam "Moscow Region"]
[WhiteTeamCountry "RUS"]
[BlackTeamCountry "RUS"]

1. d4 Nf6 2. Bf4 e6 3. e3 b6 4. Nf3 Bb7 5. Nbd2 Be7 6. h3 O-O 7. Bd3 c5 8. O-O
d6 9. Re1 Nbd7 10. Bh2 cxd4 11. exd4 Qc7 12. a4 a6 13. c4 a5 14. Nb1 Nb8 15.
Nc3 Na6 16. Rc1 Nb4 17. Nb5 Qd8 18. Bb1 Rc8 19. b3 d5 20. Ne5 Ne4 21. Bf4 f6
22. Nd3 e5 23. Bh2 Nxd3 24. Qxd3 Bb4 25. Red1 exd4 26. Bc7 Qe7 27. cxd5 f5 28.
Bxb6 Rxc1 29. Rxc1 Nd2 30. Bxd4 Bxd5 31. Bc5 Nf3+ 32. Qxf3 Qxc5 33. Qd1 1-0

[Event "RUS-chT"]
[Site "Sochi"]
[Date "2019.05.10"]
[Round "9.2"]
[White "Shubin, Kirill"]
[Black "Kamsky, Gata"]
[Result "0-1"]
[WhiteElo "2404"]
[BlackElo "2664"]
[PlyCount "42"]
[EventDate "2019.05.01"]
[EventType "team-tourn"]
[EventRounds "9"]
[EventCountry "RUS"]
[SourceTitle "CBM 190 Extra"]
[Source "ChessBase"]
[SourceDate "2019.07.15"]
[SourceVersion "1"]
[SourceVersionDate "2019.07.15"]
[SourceQuality "1"]
[WhiteTeam "St Petersburg SShOR"]
[BlackTeam "Tatarstan Rook"]
[WhiteTeamCountry "RUS"]
[BlackTeamCountry "RUS"]

1. d4 Nf6 2. c4 g6 3. Nc3 Bg7 4. e4 d6 5. Nf3 O-O 6. h3 e5 7. d5 a5 8. g4 Na6
9. Be3 Bd7 10. Nd2 Nc5 11. Qc2 c6 12. Rc1 h5 13. Nb3 Nxb3 14. Qxb3 hxg4 15.
Qxb7 Rb8 16. Qa6 cxd5 17. exd5 Bc8 18. Qc6 Rxb2 19. Nb5 Ne4 20. Bg2 Nxf2 21.
Bxf2 Qg5 0-1

[Event "Biel MTO op 52nd"]
[Site "Biel"]
[Date "2019.07.22"]
[Round "1"]
[White "Baeumer, Lars"]
[Black "Kamsky, Gata"]
[Result "0-1"]
[WhiteElo "2245"]
[BlackElo "2673"]
[PlyCount "68"]
[EventDate "2019.07.22"]
[EventType "swiss"]
[EventRounds "9"]
[EventCountry "SUI"]
[SourceTitle "CBM 191 Extra"]
[Source "ChessBase"]
[SourceDate "2019.09.30"]
[SourceVersion "1"]
[SourceVersionDate "2019.09.30"]
[SourceQuality "1"]

1. c4 e5 2. Nc3 Nc6 3. Nf3 Bb4 4. Qc2 a5 5. e3 d6 6. a3 Bxc3 7. Qxc3 a4 8. d3
Nf6 9. Be2 O-O 10. O-O Bg4 11. Qc2 Re8 12. Rd1 e4 13. dxe4 Nxe4 14. Bd2 Qf6 15.
Be1 Nc5 16. Qc3 Ne5 17. Nd4 Bxe2 18. Nxe2 Nb3 19. Rab1 Qe6 20. Rd5 c6 21. Nf4
Qf5 22. Rdd1 Na5 23. Qb4 Naxc4 24. Qxb7 Rab8 25. Qa7 Nxb2 26. Rdc1 Rb3 27. Qd4
Nbd3 28. Nxd3 Nxd3 29. Rxb3 axb3 30. Rd1 Nxe1 31. Rxe1 Qc2 32. Qxd6 c5 33. Qd1
Qxd1 34. Rxd1 c4 0-1

[Event "Biel MTO op 52nd"]
[Site "Biel"]
[Date "2019.07.23"]
[Round "2"]
[White "Kamsky, Gata"]
[Black "Harsha, Bharathakoti"]
[Result "1-0"]
[WhiteElo "2673"]
[BlackElo "2486"]
[PlyCount "87"]
[EventDate "2019.07.22"]
[EventType "swiss"]
[EventRounds "9"]
[EventCountry "SUI"]
[SourceTitle "CBM 191 Extra"]
[Source "ChessBase"]
[SourceDate "2019.09.30"]
[SourceVersion "1"]
[SourceVersionDate "2019.09.30"]
[SourceQuality "1"]

1. e4 c5 2. Nc3 Nc6 3. Bb5 Nd4 4. Nf3 a6 5. Bd3 Nc6 6. O-O d6 7. h3 Nf6 8. Re1
e5 9. Bc4 Be7 10. d3 h6 11. a3 O-O 12. Ne2 b5 13. Ba2 Be6 14. Bxe6 fxe6 15. Ng3
Qd7 16. c3 Rab8 17. b4 a5 18. Qb3 cxb4 19. cxb4 axb4 20. axb4 Ra8 21. Bb2 Rfc8
22. Rec1 Kh8 23. Rd1 Rxa1 24. Bxa1 Ra8 25. d4 exd4 26. Bxd4 Ra4 27. Bc3 d5 28.
exd5 Nxd5 29. Nh5 Bf8 30. Nf4 Qf7 31. Nxd5 exd5 32. Nd4 Nxb4 33. Nxb5 Ra2 34.
Rf1 Bc5 35. Bd4 Bf8 36. Rc1 Ra8 37. Rc7 Qg6 38. Qf3 Re8 39. g3 Qb1+ 40. Kh2 Qg6
41. h4 Nc2 42. Bc3 Qe4 43. Qf7 d4 44. Nd6 1-0

[Event "Biel MTO op 52nd"]
[Site "Biel"]
[Date "2019.07.24"]
[Round "3"]
[White "Moussard, Jules"]
[Black "Kamsky, Gata"]
[Result "0-1"]
[WhiteElo "2576"]
[BlackElo "2673"]
[PlyCount "79"]
[EventDate "2019.07.22"]
[EventType "swiss"]
[EventRounds "9"]
[EventCountry "SUI"]
[SourceTitle "CBM 191 Extra"]
[Source "ChessBase"]
[SourceDate "2019.09.30"]
[SourceVersion "1"]
[SourceVersionDate "2019.09.30"]
[SourceQuality "1"]

1. e4 g6 2. d4 Bg7 3. Nc3 d6 4. Be3 a6 5. h4 h6 6. f4 h5 7. Bd3 Bg4 8. Qd2 Nd7
9. Nge2 Rc8 10. O-O c5 11. dxc5 Nxc5 12. Rae1 Nf6 13. f5 Nxd3 14. cxd3 O-O 15.
Nf4 gxf5 16. exf5 e6 17. fxe6 fxe6 18. Ne4 Nxe4 19. dxe4 Kh7 20. Rc1 Rxc1 21.
Rxc1 Rf7 22. g3 Qd7 23. Rf1 e5 24. Nd3 Rxf1+ 25. Kxf1 Qf7+ 26. Nf2 Qf3 27. Bg5
Bh3+ 28. Ke1 Qxg3 29. Kd1 Be6 30. b3 Qg1+ 31. Ke2 Qg2 32. Kd3 d5 33. Qe2 Kg6
34. Kd2 Bf8 35. exd5 Qxd5+ 36. Ke1 Bf5 37. Qe3 Qd4 38. Qg3 Bg4 39. Kf1 Bc5 40.
Kg2 0-1